Statistiques concernant Serpent - Elapidés

Cliquez ici pour prendre le quiz!

Statistiques générales

  • Ce quiz a été pris 28 fois
  • Le résultat moyen est 4 sur 20

Statistiques - réponses

Réponse% Correct
Mamba noir
95%
Cobra royal
89%
Mamba vert
53%
Cobra indien
21%
Taïpan du désert
21%
Cobra à monocle
16%
Cobra cracheur du Mozambique
16%
Cobra du Cap
16%
Taïpan côtier
16%
Bongare fascié
11%
Serpent-tigre
11%
Tricot rayé
11%
Bongare candide
5%
Ringhal
5%
Serpent arlequin
5%
Serpent corail du Texas
5%
Serpent de la Mulga
5%
Serpent marin à tête de tortue
5%
Serpent noir à ventre rouge
5%
Vipère de la mort
5%

Distribution des résultats

Percentile par nombre de réponses

% des personnes avec chaque résultat

Votre développement - résultats

Vous n’avez pas pris ce quiz